00774nam a22001817a 45000010005000000030006000050050017000110080041000280400029000690500008000980820013001061000022001192450264001412600036004053000058004415200073004996500020005728613FISKH20251002154449.0251002b cb ||||| |||| 00| 0 eng d aFISKHbengcFISKHdFISKH aPZ7 a 031.02  aCarlisle, Richard aSesame street finding out encyclopedia 4 : bThe D book /cWritten by Richard Carlisle, Margaret Crush, Molly Lodge, Lee Pressman, George Short, Jocelyn Stevenson ; Illustrator by Sue Branch, Zena Flax, John Gossler, Dennis Ryan, Penny Simon, Mari Szmichowska aNew York : bBay Books, c1982. a42 unnumbered pages : bcolor illustrations ; c29 cm aSesame Street book that focuses on words starting with the letter D. a Junior Fiction